000 00679 a2200205 4500
003 Nust
005 20170207154041.0
010 _a 99036681
020 _a0137691912
040 _cNust
082 0 0 _a621.395
100 1 _aJohn F. Wakerly.
245 1 0 _aDigital design (E-Book)
_bprinciples and practices /
_cJohn F. Wakerly.
250 _a3rd ed.
260 _aUpper Saddle River, N.J. :
_bPrentice Hall,
_cc2000.
300 _axxiii. 949 p. :
_bill. ;
_c25 cm. +
_e2 computer laser optical discs (4 3/4 in.)
538 _aSystem requirements for accompanying computer disc: Windows 95/NT.
650 0 _aDigital integrated circuits
_xDesign and construction.
651 _a(E-Book)
942 _2ddc
_cBK
999 _c192647
_d192647